Člověk a kůň /

Hlavní autor: Mahler, Zdeněk, 1963-
Další autoři: Maget, Jan, 1943-
Jazyk: Čeština
Vydáno: České Budějovice : Dona, 1995
Témata:
Fyzický popis: 183 s. : il., bar. fot. ; 28 cm
Knihy
Uloženo v:
LEADER 01260nam a2200385 a 4500
001 000020559
003 CZ BrMZK
005 20220922154035.0
007 ta
008 010907s1995 xr e 0 cze d
015 |a cnb000105604 
020 |a 80-85463-52-0 
035 |a (OCoLC)36614849 
040 |a BOA001  |b cze 
072 7 |a 636  |x Chov zvířat. Živočišná výroba  |2 Konspekt  |9 24 
080 |a 636.1  |2 MRF 
080 |a 636.08  |2 MRF 
080 |a 798  |2 MRF 
080 |a (048.8)  |2 MRF 
080 |a (084.11)  |2 MRF 
100 1 |a Mahler, Zdeněk,  |d 1963-  |7 xx0011210  |4 aut 
245 1 0 |a Člověk a kůň /  |c Zdeněk Mahler ; ilustrace Jan Maget 
260 |a České Budějovice :  |b Dona,  |c 1995 
300 |a 183 s. :  |b il., bar. fot. ;  |c 28 cm 
504 |a Obsahuje bibliografii 
650 0 7 |a koně  |7 ph114977  |2 czenas 
650 0 7 |a chov hospodářských zvířat  |7 ph119201  |2 czenas 
650 0 7 |a jezdectví  |7 ph114832  |2 czenas 
655 7 |a monografie  |7 fd132842  |2 czenas 
655 7 |a obrazové publikace  |7 fd132947  |2 czenas 
700 1 |a Maget, Jan,  |d 1943-  |7 jx20031130066  |4 ill 
910 |a BOA001  |b 3-1008.651 
990 |a BK 
991 |b 200704 
996 6 |b 2610022831  |c 3-1008.651  |l MZK  |r Sklad / do 1 hodiny  |n 46  |p p.v.  |w 000020559  |u 000020  |a 1  |e BOA001  |j MZK50  |s P